000
00332nam a22001457a 4500
008
210602b ||||| |||| 00| 0 eng d
020
_a
9780060829612
041
_a
eng
080
_a
94
082
_a
94
100
_a
16
101
_a
SHH
245
_a
Smithsonian Intimate Guide to Human Origins
_c
Carl Zimmer
942
_2
udc
_c
BK
999
_c
57921
_d
57921